Applied fisheries. (Record no. 603)
[ view plain ]
| 000 -LEADER | |
|---|---|
| fixed length control field | 00568nam a2200241 a 4500 |
| 001 - CONTROL NUMBER | |
| control field | 000603 |
| 003 - CONTROL NUMBER IDENTIFIER | |
| control field | BD-ChCU |
| 005 - DATE AND TIME OF LATEST TRANSACTION | |
| control field | 20230204155846.0 |
| 008 - FIXED-LENGTH DATA ELEMENTS--GENERAL INFORMATION | |
| fixed length control field | s2007 aii b 01 eng |
| 020 ## - INTERNATIONAL STANDARD BOOK NUMBER | |
| International Standard Book Number | 817035482x |
| 040 ## - CATALOGING SOURCE | |
| Original cataloging agency | DLC |
| Transcribing agency | DLC |
| Modifying agency | BD-ChCU |
| 082 00 - DEWEY DECIMAL CLASSIFICATION NUMBER | |
| Classification number | 639.2/S627a |
| 100 ## - MAIN ENTRY--PERSONAL NAME | |
| Personal name | Sakhare, Vishwas B |
| 245 10 - TITLE STATEMENT | |
| Title | Applied fisheries. |
| Statement of responsibility, etc. | |
| -- | |
| 250 ## - EDITION STATEMENT | |
| Edition statement | ed |
| 260 ## - PUBLICATION, DISTRIBUTION, ETC. | |
| Place of publication, distribution, etc. | Delhi. |
| Date of publication, distribution, etc. | Daya pub. |
| -- | 2007 |
| 300 ## - PHYSICAL DESCRIPTION | |
| Extent | 161p |
| 504 ## - BIBLIOGRAPHY, ETC. NOTE | |
| Bibliography, etc. note | Includes Index (P159-161). Source : Purchase. |
| 650 #0 - SUBJECT ADDED ENTRY--TOPICAL TERM | |
| Topical term or geographic name entry element | Fisheries.Fishes. |
| 700 1# - ADDED ENTRY--PERSONAL NAME | |
| Personal name | |
| Titles and other words associated with a name | |
| 700 1# - ADDED ENTRY--PERSONAL NAME | |
| Personal name | |
| 942 ## - ADDED ENTRY ELEMENTS (KOHA) | |
| Source of classification or shelving scheme | Dewey Decimal Classification |
| Koha item type | Books |
| Withdrawn status | Lost status | Source of classification or shelving scheme | Damaged status | Not for loan | Home library | Current library | Date acquired | Total Checkouts | Full call number | Barcode | Date last seen | Copy number | Price effective from | Koha item type | Shelving location | Source of acquisition |
|---|---|---|---|---|---|---|---|---|---|---|---|---|---|---|---|---|
| Dewey Decimal Classification | Chittagong University Library | Chittagong University Library | 12/05/2014 | 639.2/S627a | 300093 | 12/05/2014 | 01 | 12/05/2014 | Books | |||||||
| Dewey Decimal Classification | Chittagong University Library | Chittagong University Library | 05/05/2026 | 639.2/S627a | 343515 | 05/05/2026 | C-2 | 05/05/2026 | Books | Science Reading Room | purchase | |||||
| Dewey Decimal Classification | Chittagong University Library | Chittagong University Library | 05/05/2026 | 639.2/S627a | 343516 | 05/05/2026 | C-3 | 05/05/2026 | Books | Science Reading Room | purchase |